000 01000nam0a22002771 4500
001 v19\rc\1823452
005 20260406134716.0
035 _a(NLR Aleph) 005256836
090 _a5860691
_c5860691
100 _a20071224d1907 |||y0rusy50 ca
101 1 _arus
_ceng
102 _aRU
105 _aa z |||a|
200 1 _aАйвенго
_eРассказано по роману Вальтер-Скотта
_eПер. с англ.
_fС рис. худож. Brinsley Le Fanu
210 _aСанкт-Петербург
_cтип. И. Флейтмана
_d1907
215 _a64 с., 17 ил.
_d20
300 _aНа обл.: № 1
700 1 _8rus
_7ca
_aСкотт
_bВ.
_f1771-1832
_gВальтер
_3RU\NLR\AUTH\772398
_9112410
702 1 _aФаню
_bБ.
_gБринслей
_4440
801 0 _aRU
_bNLR
_c20071224
_gpsbo
801 0 _aRU
_bRuMoRGB
_c20071224
_2psbo
801 1 _aRU
_bProSoft-M
_c20071224
_2rusmarc
801 2 _aRU
_bNLR
_c20120312
_2rusmarc
852 _aNLR
_j34.52.6.423
942 _cBOOK
980 _aNB